Who's On First? Quiz Stats

 Plays Quiz Updated Nov 2, 2018

Challenge
Share
Tweet
Embed
Score 0/8 Timer 01:00
0 Plays Today
Position Answer % Correct
First BaseWho
99.7%
Second BaseWhat
96.7%
Third BaseI Don't Know
68.4%
Left FieldWhy
51%
PitcherTomorrow
41.9%
CatcherToday
38.7%
ShortstopI Don't Care (or I Don't Give a Darn)
27.2%
Center FieldBecause
20.3%

You're not logged in!

Compare scores with friends on all Sporcle quizzes.
OR
Log In

You Might Also Like...

Show Comments

Extras

Top Quizzes Today


Score Distribution

Your Account Isn't Verified!

In order to create a playlist on Sporcle, you need to verify the email address you used during registration. Go to your Sporcle Settings to finish the process.

Report this User

Report this user for behavior that violates our Community Guidelines.

Details: